000 00522nam a22001937a 4500
005 20260513120552.0
008 260513b |||||||| |||| 00| 0 eng d
020 _a9788177585414
_c1260.00
040 _aMAIN
041 _aEnglish
082 _a547
_bFIN
100 _aFinar,I. L.
_99850
245 _aOrganic Chemistry
_b: Stereochemistry And The Chemistry Of Natural Products
250 _a5th
260 _aNoida
_bPearson
_c2025
300 _a956
_bVol.2nd
650 _aChemistry (PM USHA)
_926803
942 _cBK
999 _c60777
_d60777